000
00339nam a2200145Ia 4500
008
191201s2008 xx 000 0 und d
082
_a
005.7565
_b
AND
100
_a
ANAHORY, Sam
245
0
_a
Data Warehousing in the Real World
250
_a
Imp
260
_a
N.Delhi
_b
Pearson
_c
2008
300
_a
366
650
_a
MCA
942
_2
ddc
_c
BK
999
_c
3791
_d
3791